El gran libro de los valores : (Registro nro. 8300)

Detalles MARC
000 -LIDER
fixed length control field 01763nam a22003377a 4500
003 - IDENTIFICACDOR DE NÚMERO DE CONTROL
control field DO-SdBNP
005 - DATE AND TIME OF LATEST TRANSACTION
control field 20240808133612.0
008 - ELEMENTOS DE LONGITUD FIJA
fixed length control field 150929b2007 sp a 00| 0 spa d
020 ## - ISBN
International Standard Book Number 9972209202
040 ## - FUENTE DE CATALOGACIÓN
Agencia que crea de manera original el registro BPMSU
Idioma de catalogación spa
Agencia que realiza la transcripción BPMSU
082 #4 - NÚMERO DE CLASIFICACIÓN DECIMAL DE DEWEY
Classification number 370.114
Item number G748l 2007
Edition number 22
245 03 - MENCIÓN DE TITULO
Título El gran libro de los valores :
Subtítulo cuentos y juegos para aprender a ser mejores seres humanos /
Mención de responsabilidad Liliana Cadavid... [y otros] ; Coordinación editorial María Cristina Parra ; ilustraciones Patricia Acosta
246 14 - VARIACION DEL TÍTULO
Título propiamente dicho o título corto El gran libro de los valores:
Subtítulo cuentos y juegos para aprender y practicar valores
260 ## - PUBLICACIÓN, DISTRIBUCIÓN, ETC. (PIE DE IMPRENTA)
Lugar de publicación, distribución, etc España :
Nombre del editor, distribuidor, etc. Editores Lexus,
Fecha de publicación, distribución, etc 2007.
300 ## - DESCRIPCIÓN FÍSICA
Extensión 3 v. :
Otros detalles físicos il., + DVD ;
Dimensiones 28 cm.
490 0# - MENCIÓN DE SERIES
Mención de serie Crecer y prender con Disney
505 ## - NOTA DE CONTENIDO
Texto normalizado de contenido
520 ## - RESUMEN, ETC.
Nota de resumen, etc. El tema del ser humano y sus valores nunca ha pasado de moda, ha estado presente constante en la historia de la humanidad. Por medio de las fabulas, cuentos ,relatos ,conceptos y consejos prácticos, En gran libro de los valores pretende hacer un alto en el camino, una pausa para reflexionar acerca de los valores, de su criterio, de su razón de ser ,pero especialmente de transmitirles "enseñanzas" a través de la reflexión y no de las regla. Ni mucho menos del castigo, que la mayor parte de las veces no sirve para cambiar comportamiento.
590 ## - NOTA LOCAL
Texto de la nota local Inventariado, 2024/VM
650 #4 - ENCABEZAMIENTO DE MATERIA--TEMÁTICO
Término temático o nombre geográfico como elemento de entrada Cuentos en la educación
Subdivisión temática general
650 #4 - ENCABEZAMIENTO DE MATERIA--TEMÁTICO
Término temático o nombre geográfico como elemento de entrada Cuentos infantiles
650 #4 - ENCABEZAMIENTO DE MATERIA--TEMÁTICO
Término temático o nombre geográfico como elemento de entrada Educación en valores
650 #4 - ENCABEZAMIENTO DE MATERIA--TEMÁTICO
Término temático o nombre geográfico como elemento de entrada Psicopedagogía
650 #4 - ENCABEZAMIENTO DE MATERIA--TEMÁTICO
Término temático o nombre geográfico como elemento de entrada Lectura recreativa
700 1# - ASIENTO SECUNDARIO -- NOMBRE PERSONAL
Nombre personal Cadavid, Liliana
Mención de responsabilidad autora
700 1# - ASIENTO SECUNDARIO -- NOMBRE PERSONAL
Nombre personal Parra María Cristina
Mención de responsabilidad dirección
700 1# - ASIENTO SECUNDARIO -- NOMBRE PERSONAL
Nombre personal Acosta, Patricia
Mención de responsabilidad ilustraciones
710 2# - ASIENTO SECUNDARIO -- NOMBRE CORPORATIVO
Nombre corporativo o de jurisdicción Lexus Editores
910 ## - VALIDACIÓN
Validación VMateo V. Control de calidad. BPMSU
942 ## - ADDED ENTRY ELEMENTS (KOHA)
Source of classification or shelving scheme Dewey Decimal Classification
Koha item type Libros
Existencias
Withdrawn status Lost status Source of classification or shelving scheme Damaged status Not for loan Collection code Home library Current library Date acquired Source of acquisition Total Checkouts Full call number Barcode Date last seen Price effective from Koha item type Copy number
    Dewey Decimal Classification     Colección Infantil General Biblioteca Pública Metropolitana Salomé Ureña Biblioteca Pública Metropolitana Salomé Ureña 09/29/2015 COMPRA   VPMSU CGI 370.114 G748l 2007 BPMSU15110191 09/29/2015 09/29/2015 Libros  
    Dewey Decimal Classification     Colección Infantil General Biblioteca Pública Metropolitana Salomé Ureña Biblioteca Pública Metropolitana Salomé Ureña 09/29/2015 COMPRA   VPMSU CGI 370.114 G748l 2007 BPMSU15090199 09/29/2015 09/29/2015 Libros e.2
    Dewey Decimal Classification     Colección Infantil General Biblioteca Pública Metropolitana Salomé Ureña Biblioteca Pública Metropolitana Salomé Ureña 09/29/2015 COMPRA   VPMSU CGI 370.114 G748l 2007 BPMSU15090200 09/29/2015 09/29/2015 Libros e.3